| 000 -LEADER |
| fixed length control field |
01601cam a2200385 a 4500 |
| 001 - CONTROL NUMBER |
| control field |
117707 |
| 003 - CONTROL NUMBER IDENTIFIER |
| control field |
Nust |
| 005 - DATE AND TIME OF LATEST TRANSACTION |
| control field |
20170131104155.0 |
| 008 - FIXED-LENGTH DATA ELEMENTS--GENERAL INFORMATION |
| fixed length control field |
990510s1997 vauab c 000 1 eng |
| 010 ## - LIBRARY OF CONGRESS CONTROL NUMBER |
| LC control number |
97075282 |
| 020 ## - INTERNATIONAL STANDARD BOOK NUMBER |
| International Standard Book Number |
8172248946 |
| 035 ## - SYSTEM CONTROL NUMBER |
| System control number |
(DLC) 97075282 |
| 040 ## - CATALOGING SOURCE |
| Original cataloging agency |
DLC |
| Transcribing agency |
DLC |
| 042 ## - AUTHENTICATION CODE |
| Authentication code |
lcac |
| 050 00 - LIBRARY OF CONGRESS CALL NUMBER |
| Classification number |
PZ7.D36 |
| Item number |
Li 1997 |
| Classification number |
PR3403 |
| 082 00 - DEWEY DECIMAL CLASSIFICATION NUMBER |
| Classification number |
823 |
| Author Mark |
DEF |
| 100 1# - MAIN ENTRY--PERSONAL NAME |
| Personal name |
Defoe, Daniel, |
| Dates associated with a name |
1661?-1731. |
| 240 10 - UNIFORM TITLE |
| Uniform title |
Robinson Crusoe |
| 245 14 - TITLE STATEMENT |
| Title |
The life and adventures of Robinson Crusoe / |
| Statement of responsibility, etc. |
by Daniel Defoe ; [illustrations adapted from original illustrations by Louis and Frederick Rhead]. |
| 260 ## - PUBLICATION, DISTRIBUTION, ETC. |
| Place of publication, distribution, etc. |
Charlottesville, Va. : |
| Name of publisher, distributor, etc. |
Core Knowledge Foundation, |
| Date of publication, distribution, etc. |
1997. |
| 300 ## - PHYSICAL DESCRIPTION |
| Extent |
181 p. : |
| Other physical details |
ill., map ; |
| Dimensions |
20 cm. |
| 440 #0 - SERIES STATEMENT/ADDED ENTRY--TITLE |
| Title |
Core classics |
| 500 ## - GENERAL NOTE |
| General note |
"Robinson Crusoe"--Cover. |
| 500 ## - GENERAL NOTE |
| General note |
"Daniel Defoe's classic abridged for young readers ; introduction by E.D. Hirsch, Jr."--Cover. |
| 520 ## - SUMMARY, ETC. |
| Summary, etc. |
During one of his several adventurous voyages in the 1600s, an Englishman becomes the sole survivor of a shipwreck and lives for nearly thirty years on a deserted island. |
| 650 #0 - SUBJECT ADDED ENTRY--TOPICAL TERM |
| Topical term or geographic name entry element |
Crusoe, Robinson (Fictitious character) |
| Form subdivision |
Juvenile fiction. |
| 650 #1 - SUBJECT ADDED ENTRY--TOPICAL TERM |
| Topical term or geographic name entry element |
Shipwrecks |
| Form subdivision |
Fiction. |
| 650 #1 - SUBJECT ADDED ENTRY--TOPICAL TERM |
| Topical term or geographic name entry element |
Survival |
| Form subdivision |
Fiction. |
| 655 #7 - INDEX TERM--GENRE/FORM |
| Genre/form data or focus term |
Adventure fiction. |
| Source of term |
gsafd |
| 700 1# - ADDED ENTRY--PERSONAL NAME |
| Personal name |
Rhead, Louis, |
| Dates associated with a name |
1857-1926, |
| Relator term |
ill. |
| 700 1# - ADDED ENTRY--PERSONAL NAME |
| Personal name |
Rhead, F. A. |
| Fuller form of name |
(Frederick Alfred), |
| Dates associated with a name |
1855-- |
| Relator term |
ill. |
| 906 ## - LOCAL DATA ELEMENT F, LDF (RLIN) |
| a |
7 |
| b |
cbc |
| c |
orignew |
| d |
3 |
| e |
opcn |
| f |
19 |
| g |
y-gencatlg |
| 942 ## - ADDED ENTRY ELEMENTS (KOHA) |
| Source of classification or shelving scheme |
|
| Koha item type |
Book |